|
|
|
|
| LEADER |
00000nam0a2200000 4500 |
| 001 |
370226 |
| 005 |
20231102012247.0 |
| 035 |
|
|
|a (RuTPU)RU\TPU\retro\27634
|
| 090 |
|
|
|a 370226
|
| 100 |
|
|
|a 20220622d1978 m y0rusy50 ca
|
| 101 |
0 |
|
|a rus
|
| 102 |
|
|
|a BY
|
| 105 |
|
|
|a a z 001zy
|
| 200 |
1 |
|
|a Проблемы гидрогеологии и инженерной геологии
|f Академия наук Белорусской ССР, Институт геохимии и геофизики ; отв. ред. П. П. Тимофеев
|
| 210 |
|
|
|a Минск
|c Наука и техника
|d 1978
|
| 215 |
|
|
|a 168 с.
|c ил.
|
| 320 |
|
|
|a Библиогр. в конце ст.
|
| 606 |
1 |
|
|a Гидрогеология
|2 stltpush
|3 (RuTPU)RU\TPU\subj\38647
|9 59032
|
| 606 |
1 |
|
|a Инженерная геология
|2 stltpush
|3 (RuTPU)RU\TPU\subj\12572
|9 39335
|
| 610 |
1 |
|
|a грунтовые воды
|
| 610 |
1 |
|
|a артезианские воды
|
| 610 |
1 |
|
|a нефтегазоносные бассейны
|
| 610 |
1 |
|
|a подземные воды
|
| 610 |
1 |
|
|a запасы
|
| 610 |
1 |
|
|a оценивание
|
| 610 |
1 |
|
|a термальные воды
|
| 610 |
1 |
|
|a рассолы
|
| 610 |
1 |
|
|a элементный состав
|
| 675 |
|
|
|a 556.3
|v 4
|
| 675 |
|
|
|a 624.131.1
|v 4
|
| 702 |
|
1 |
|a Тимофеев
|b П. П.
|4 340
|
| 712 |
0 |
2 |
|a Академия наук Белорусской ССР
|b Институт геохимии и геофизики
|2 stltpush
|3 (RuTPU)RU\TPU\col\11735
|9 25243
|
| 801 |
|
1 |
|a RU
|b 63413507
|c 20220622
|
| 942 |
|
|
|c BK
|